Normal view
MARC view
Entry Personal Name
001 - CONTROL NUMBER
- control field: 19336
003 - CONTROL NUMBER IDENTIFIER
- control field: OSt
005 - DATE AND TIME OF LATEST TRANSACTION
- control field: 20241118204503.0
008 - FIXED-LENGTH DATA ELEMENTS
- fixed length control field: 241118|| aca||aabn | a|a d
040 ## - CATALOGING SOURCE
- Original cataloging agency: OSt
- Transcribing agency: OSt
100 ## - HEADING--PERSONAL NAME
- Personal name: Seliet Hala
670 ## - SOURCE DATA FOUND
- Source citation: Work cat.: (OSt)9482: Seliet Hala., BTEC Introduction Business/, 2005.
